000
00303nam a2200121Ia 4500
008
240624s9999 xx 000 0 und d
041
_a
eng
082
_a
658.8 STE
100
_a
STEVENS MARK
245
_a
YOUR MARKETING SUCKS
260
_c
2003
_a
New York
_b
Crown Business
300
_a
235 : p. : cm. ; 21
999
_c
21575
_d
21575